Stavíme a vybavujeme rodinný dům
Gespeichert in:
| 1. Verfasser: | |
|---|---|
| Format: | Buch |
| Sprache: | Tschechisch |
| Veröffentlicht: |
Hradec Králové :
Paradise Studio,
2003
|
| Ausgabe: | 2.dopl.a preprac.vyd. |
| Tags: |
Keine Tags, Fügen Sie das erste Tag hinzu!
|
MARC
| LEADER | 00000nam a22000003a 4500 | ||
|---|---|---|---|
| 001 | stu130713 | ||
| 005 | 20150617225908.9 | ||
| 008 | 061205s2003----xr------------------cze-d | ||
| 020 | |a 80-239-1411-1 | ||
| 040 | |a STU |b slo | ||
| 041 | 0 | |a cze | |
| 044 | |a xr | ||
| 080 | |a 728.3 | ||
| 100 | 1 | |a Velfel, Petr |4 aut | |
| 245 | 1 | |a Stavíme a vybavujeme rodinný dům | |
| 250 | |a 2.dopl.a preprac.vyd. | ||
| 260 | |a Hradec Králové : |b Paradise Studio, |c 2003 | ||
| 300 | |a 218 s.;obr | ||
| 996 | |b 284V029140 |c V*49270/O-21727 |l VVT |s A |a 24 |w stu130713_0001 | ||